|
|
|
|
| LEADER |
00000nam0a2200000 4500 |
| 001 |
357880 |
| 005 |
20231102011033.0 |
| 035 |
|
|
|a (RuTPU)RU\TPU\retro\15148
|
| 090 |
|
|
|a 357880
|
| 100 |
|
|
|a 20200811d1978 km y0rusy50 ca
|
| 101 |
0 |
|
|a rus
|
| 102 |
|
|
|a RU
|
| 105 |
|
|
|a a z 001zy
|
| 200 |
1 |
|
|a Основы расчета составов масс и глазурей в электрокерамике
|f Г. Н. Масленникова , Ф. Я. Харитонов
|
| 210 |
|
|
|a Москва
|c Энергия
|d 1978
|
| 215 |
|
|
|a 143 с.
|c ил.
|
| 320 |
|
|
|a Библиогр.: с. 137-141
|
| 606 |
1 |
|
|a Электрокерамика
|2 stltpush
|3 (RuTPU)RU\TPU\subj\20107
|9 45246
|
| 610 |
1 |
|
|a глазури
|
| 610 |
1 |
|
|a массы
|
| 610 |
1 |
|
|a химический состав
|
| 610 |
1 |
|
|a расчеты
|
| 610 |
1 |
|
|a химический анализ
|
| 610 |
1 |
|
|a методика
|
| 610 |
1 |
|
|a фарфоровые массы
|
| 610 |
1 |
|
|a муллит
|
| 610 |
1 |
|
|a окисные массы
|
| 610 |
1 |
|
|a электрокерамические материалы
|
| 675 |
|
|
|a 621.315.612
|v 4
|
| 700 |
|
1 |
|a Масленникова
|b Г. Н.
|g Галина Николаевна
|
| 701 |
|
1 |
|a Харитонов
|b Ф. Я.
|g Фридрих Яковлевич
|
| 801 |
|
1 |
|a RU
|b 63413507
|c 20200811
|
| 801 |
|
2 |
|a RU
|b 63413507
|c 20210224
|g RCR
|
| 942 |
|
|
|c BK
|